[Event "7. Arber-Open Bodenmais 2018"]
[Site "Bodenmais"]
[Date "2018.07.28"]
[Round "1.55"]
[White "Karner, Carl-Philipp"]
[Black "Grabmeier, Johannes"]
[Result "0-1"]
[WhiteElo "1534"]
[BlackElo "1906"]
[PlyCount "74"]
[EventDate "2018.??.??"]
[WhiteTeam "ASV Burglengenfeld"]
[BlackTeam "SV Deggendorf"]

1. e4 d5 2. exd5 Nf6 3. Nf3 Bg4 4. d4 Qxd5 5. Be2 Nc6 6. c4 Qh5 7. Bf4 O-O-O 8.
d5 e6 9. Nc3 exd5 10. Nb5 dxc4 11. Qa4 a6 12. Nxc7 Bb4+ 13. Kf1 Bd6 14. Bxd6
Rxd6 15. Na8 Qb5 16. Qxc4 Qxc4 17. Bxc4 Bxf3 18. gxf3 Ne5 19. Rg1 Nxc4 20. Rc1
Rc6 21. Rxc4 Kd7 22. Rxg7 Rxa8 23. Rxf7+ Ke6 24. Rxc6+ bxc6 25. Rb7 Nd7 26. b4
Kd6 27. a3 a5 28. b5 Rb8 29. bxc6 Rxb7 30. cxb7 Kc7 31. b8=Q+ Nxb8 32. Ke2 Kc6
33. Kd3 Kb5 34. Kc3 Nc6 35. f4 Ne7 36. Kb3 a4+ 37. Kc2 Kc4 0-1

[Event "7. Arber-Open Bodenmais 2018"]
[Site "Bodenmais"]
[Date "2018.07.28"]
[Round "1.57"]
[White "Lindstaedt, Erik"]
[Black "Wolff, Peter"]
[Result "0-1"]
[WhiteElo "919"]
[BlackElo "1894"]
[PlyCount "88"]
[EventDate "2018.??.??"]
[WhiteTeam "SV Unser Fritz"]
[BlackTeam "VSG Offenbach"]

1. e4 c6 2. d4 d5 3. exd5 cxd5 4. c4 Nf6 5. Nc3 g6 6. Qb3 Bg7 7. Nf3 O-O 8. Be2
Nbd7 9. O-O dxc4 10. Bxc4 e6 11. Bg5 Nb6 12. Bb5 a6 13. Be2 Nbd5 14. Nxd5 Qxd5
15. Bc4 Qd6 16. Rad1 b5 17. Be2 Bb7 18. Rd2 Ne4 19. Rdd1 Nxg5 20. Nxg5 Bd5 21.
Qc2 Rac8 22. Qd2 Bxa2 23. Ne4 Qb6 24. Nc5 Rfd8 25. b4 Bd5 26. Qe3 Qc6 27. Bf3
Bxf3 28. gxf3 Rd5 29. Rd2 Rcd8 30. Qe4 Qc8 31. Rfd1 R8d6 32. f4 Bh6 33. Rd3 Bg7
34. Kf1 Rh5 35. Kg1 Rdd5 36. Kh1 Rh4 37. Rg3 Rdh5 38. Rg2 Bh6 39. Nd3 Qd8 40.
Re1 Rf5 41. Qc6 Bxf4 42. Nxf4 Rhxf4 43. Qxa6 Qd5 44. Kg1 Qxd4 0-1

[Event "7. Arber-Open Bodenmais 2018"]
[Site "Bodenmais"]
[Date "2018.07.29"]
[Round "2.1"]
[White "Prusikin, Michael"]
[Black "Hohlfeld, Wolfgang"]
[Result "1-0"]
[WhiteElo "2516"]
[BlackElo "2062"]
[PlyCount "35"]
[EventDate "2018.??.??"]
[WhiteTeam "BCA Augsburg"]
[BlackTeam "SC Diogenes Hamburg"]

1. Nf3 d5 2. c4 c6 3. e3 Nf6 4. Nc3 g6 5. d4 Bg7 6. Bd3 O-O 7. O-O Nbd7 8. cxd5
Nxd5 9. e4 Nxc3 10. bxc3 e5 11. Be3 exd4 12. cxd4 c5 13. dxc5 Qa5 14. Rc1 Qxa2
15. Bc4 Qb2 16. Bf4 Nf6 17. Be5 Qa3 18. Qd4 1-0

[Event "7. Arber-Open Bodenmais 2018"]
[Site "Bodenmais"]
[Date "2018.07.29"]
[Round "2.2"]
[White "Hein, Ralf"]
[Black "Pap, Misa"]
[Result "0-1"]
[WhiteElo "2048"]
[BlackElo "2473"]
[PlyCount "80"]
[EventDate "2018.??.??"]
[WhiteTeam "SC Diogenes"]
[BlackTeam "SF Augsburg"]

1. c4 e5 2. Nc3 Nc6 3. g3 g6 4. Bg2 Bg7 5. d3 f5 6. e4 Nf6 7. exf5 gxf5 8. Bg5
O-O 9. Nge2 h6 10. Bh4 Ne7 11. Qd2 Ng6 12. Bxf6 Qxf6 13. O-O-O c6 14. f4 d6 15.
Rdf1 Be6 16. h3 exf4 17. Nxf4 Nxf4 18. gxf4 Qh4 19. Re1 Rae8 20. b3 Bd4 21. Re2
Bf7 22. Rhe1 Rxe2 23. Rxe2 Bxc3 24. Qxc3 Qxf4+ 25. Kc2 Re8 26. Rd2 Qe5 27. d4
Qe3 28. Qb4 Qe7 29. Bf1 d5 30. Qc3 Kh8 31. Re2 Qd6 32. Re5 f4 33. c5 Qg6+ 34.
Kb2 Qg3 35. Bd3 Kg7 36. b4 Qxh3 37. Qe1 Qxd3 38. Rxe8 Qxd4+ 39. Ka3 Bxe8 40.
Qxe8 Qe3+ 0-1

[Event "7. Arber-Open Bodenmais 2018"]
[Site "Bodenmais"]
[Date "2018.07.29"]
[Round "2.3"]
[White "Milov, Leonid"]
[Black "Huhs, Sven"]
[Result "1-0"]
[WhiteElo "2469"]
[BlackElo "2034"]
[PlyCount "93"]
[EventDate "2018.??.??"]
[WhiteTeam "SC NT N?rnberg"]
[BlackTeam "FG Wohlde"]

1. e4 c6 2. Nf3 d5 3. Nc3 Bg4 4. h3 Bxf3 5. Qxf3 e6 6. d3 Nf6 7. Bd2 Nbd7 8. g4
Bd6 9. g5 Ne5 10. Qg2 Nfd7 11. O-O-O d4 12. Ne2 Qb6 13. f4 Ng6 14. Qf2 Bc5 15.
h4 O-O-O 16. Kb1 Kb8 17. Bh3 Ka8 18. Qg3 Rhe8 19. Rhf1 a5 20. Ka1 a4 21. a3 Bd6
22. h5 Ne7 23. Qe1 Bc7 24. Qf2 c5 25. Ng1 Nc6 26. Rfe1 c4 27. dxc4 Nc5 28. Kb1
d3 29. Be3 dxc2+ 30. Qxc2 Qa5 31. e5 Nb3 32. Nf3 g6 33. c5 Rxd1+ 34. Rxd1 Rd8
35. Rxd8+ Bxd8 36. Bf1 Be7 37. Bc4 Bxc5 38. Bxc5 Nxc5 39. Qc3 Qxc3 40. bxc3 Ka7
41. Kc2 Kb6 42. h6 Nd7 43. Bd3 Nc5 44. Nh2 Nd7 45. Ng4 Kc5 46. Nf2 Nb6 47. Ne4+
1-0

[Event "7. Arber-Open Bodenmais 2018"]
[Site "Bodenmais"]
[Date "2018.07.29"]
[Round "2.4"]
[White "Gschwendtner, Stanislav"]
[Black "Meijers, Viesturs"]
[Result "0-1"]
[WhiteElo "2032"]
[BlackElo "2458"]
[PlyCount "78"]
[EventDate "2018.??.??"]
[WhiteTeam "SC Bayerwald"]
[BlackTeam "ESV Nickelh?tte Aue"]

1. Nf3 Nf6 2. c4 e6 3. g3 d5 4. d4 dxc4 5. Qa4+ Nbd7 6. Qxc4 a6 7. a4 b6 8. Bg2
Bb7 9. O-O c5 10. dxc5 Bxc5 11. b4 Be7 12. Nc3 Rc8 13. Qb3 O-O 14. Bb2 Qc7 15.
Rac1 Qb8 16. Rc2 Nd5 17. Rd1 Rfd8 18. Rcd2 N7f6 19. Ne5 Nxc3 20. Rxd8+ Rxd8 21.
Rxd8+ Qxd8 22. Bxc3 Bxg2 23. Kxg2 Qd5+ 24. Qxd5 Nxd5 25. Bd4 Bxb4 26. e4 Bc3
27. exd5 Bxd4 28. Nc6 Bc5 29. dxe6 fxe6 30. Nd8 e5 31. Nc6 e4 32. Nb8 Kf7 33.
Nxa6 Bd6 34. Kf1 Ke6 35. Ke2 Kd5 36. Ke3 h5 37. h4 Ke5 38. f3 exf3 39. Kxf3 Kf5
0-1

[Event "7. Arber-Open Bodenmais 2018"]
[Site "Bodenmais"]
[Date "2018.07.29"]
[Round "2.5"]
[White "Sergeev, Vladimir"]
[Black "Witte, Ronald"]
[Result "1-0"]
[WhiteElo "2410"]
[BlackElo "2031"]
[PlyCount "59"]
[EventDate "2018.??.??"]
[WhiteTeam "UKRAINE"]
[BlackTeam "BSV 63 Chemie Wei?ensee"]
[WhiteTeamCountry "UKR"]

1. g3 d5 2. Bg2 Nf6 3. d3 g6 4. c4 c6 5. Qa4 Bg7 6. cxd5 Nxd5 7. Nf3 O-O 8. h4
h6 9. O-O e5 10. Nc3 Be6 11. Bd2 Nd7 12. Rfc1 f5 13. b4 e4 14. dxe4 Nxc3 15.
Bxc3 Bxc3 16. Rxc3 fxe4 17. Qc2 Qf6 18. Qxe4 Qxc3 19. Qxg6+ Qg7 20. Qxe6+ Kh8
21. Rd1 Nf6 22. Ne5 Rae8 23. Qf5 Qh7 24. Ng6+ Kg7 25. h5 Rd8 26. Rxd8 Rxd8 27.
Bf3 Qg8 28. Kg2 Rd6 29. Qc5 Qd8 30. Qxa7 1-0

[Event "7. Arber-Open Bodenmais 2018"]
[Site "Bodenmais"]
[Date "2018.07.29"]
[Round "2.6"]
[White "Wuest, Hans-Heiner"]
[Black "Melamed, Tatjana"]
[Result "1/2-1/2"]
[WhiteElo "2026"]
[BlackElo "2386"]
[PlyCount "166"]
[EventDate "2018.??.??"]
[WhiteTeam "SV Walldorf"]
[BlackTeam "AE Magdeburg"]

1. Nf3 Nf6 2. c4 e6 3. g3 d5 4. Bg2 dxc4 5. Qa4+ Bd7 6. Qxc4 c5 7. O-O Bc6 8.
Nc3 Nbd7 9. Rd1 b5 10. Qb3 b4 11. Nb1 Nb6 12. Qc2 Be7 13. d3 O-O 14. Nbd2 Nfd5
15. Ne5 Ba4 16. b3 Qc7 17. Bb2 Bf6 18. Ndc4 Bb5 19. Qd2 Rad8 20. f4 Bxc4 21.
bxc4 Ne7 22. Qc2 Nf5 23. Kf2 Nd4 24. Bxd4 Rxd4 25. Nf3 Rdd8 26. Rac1 Qd7 27.
Nd2 Na4 28. Ne4 Bb2 29. Rb1 f5 30. Ng5 Bf6 31. Nxe6 Qxe6 32. Qxa4 Bd4+ 33. Ke1
Qe3 34. Bf3 Rfe8 35. Qc6 Bc3+ 36. Kf1 Bd4 37. Kg2 Kh8 38. Rf1 Qd2 39. Qa4 Rxe2+
40. Bxe2 Qxe2+ 41. Kh1 Qxd3 42. Rbe1 Qxc4 43. Re8+ Rxe8 44. Qxe8+ Qg8 45. Re1
h6 46. Qc6 Kh7 47. Re6 Qf7 48. Qd5 Qf8 49. g4 a5 50. g5 hxg5 51. fxg5 a4 52.
g6+ Kh6 53. Qf3 Bf6 54. Qxf5 Qa8+ 55. Re4 b3 56. Qh3+ Kxg6 57. Qg2+ Kf7 58.
axb3 Qd8 59. Qc2 axb3 60. Qxb3+ Kf8 61. Qc2 Qd5 62. Kg2 Bd4 63. Qd3 Qg5+ 64.
Qg3 Qxg3+ 65. hxg3 Kf7 66. Kf3 Kf6 67. g4 Kg5 68. Re6 Bf6 69. Rc6 Bd4 70. Rd6
g6 71. Rd5+ Kf6 72. Ke4 Ke6 73. Rd8 Kf6 74. Rd5 Ke6 75. Rd8 Kf6 76. Rd6+ Kg5
77. Kf3 Bg1 78. Rd5+ Kf6 79. Ke4 Ke6 80. Rd1 Bd4 81. g5 Bc3 82. Rd3 Bb2 83. Rb3
Bd4 1/2-1/2

[Event "7. Arber-Open Bodenmais 2018"]
[Site "Bodenmais"]
[Date "2018.07.29"]
[Round "2.7"]
[White "Hausner, Ivan"]
[Black "Godoj, Veit"]
[Result "1-0"]
[WhiteElo "2321"]
[BlackElo "2017"]
[PlyCount "93"]
[EventDate "2018.??.??"]
[WhiteTeam "SC Bayerwald"]
[BlackTeam "K?nigsj?ger SW Berlin"]

1. c4 c5 2. Nf3 Nc6 3. Nc3 d6 4. g3 g6 5. Bg2 Bg7 6. d3 e5 7. Nd2 Nge7 8. Nf1
Rb8 9. Ne3 O-O 10. O-O b6 11. Rb1 Bb7 12. a3 f5 13. Ned5 h6 14. Qa4 Nc8 15. b4
N6e7 16. f4 Nxd5 17. Nxd5 Kh7 18. Kh1 Bxd5 19. Bxd5 Qc7 20. Bd2 Ne7 21. Bg2
Rbc8 22. e3 Rfd8 23. e4 Rf8 24. b5 Rf7 25. Qd1 Rcf8 26. Qe2 Qc8 27. a4 Ng8 28.
exf5 Qxf5 29. Bd5 Re7 30. fxe5 Qxe5 31. Qxe5 Rxf1+ 32. Rxf1 Bxe5 33. Rf8 Nf6
34. Bf3 Kg7 35. Ra8 g5 36. a5 bxa5 37. Bxa5 g4 38. Bd8 Rf7 39. Bxf6+ Kxf6 40.
Bxg4 Kg5 41. Be6 Re7 42. Bd5 Bd4 43. Be4 Be5 44. Kg2 Bd4 45. Rd8 Be5 46. h4+
Kh5 47. Kh3 1-0

[Event "7. Arber-Open Bodenmais 2018"]
[Site "Bodenmais"]
[Date "2018.07.29"]
[Round "2.8"]
[White "Steinbach, Peter"]
[Black "Miesbauer, Jan"]
[Result "0-1"]
[WhiteElo "2000"]
[BlackElo "2282"]
[PlyCount "44"]
[EventDate "2018.??.??"]
[WhiteTeam "SV Crailsheim"]
[BlackTeam "SC Bayerwald"]

1. d4 Nf6 2. Bg5 d5 3. e3 e6 4. Nd2 c5 5. c3 Nc6 6. f4 cxd4 7. exd4 Bd6 8. g3
h6 9. Bh4 Qb6 10. Qc2 Ng4 11. Bh3 Ne3 12. Qd3 Nf5 13. Ngf3 Qxb2 14. O-O O-O 15.
Rfb1 Qa3 16. Bxf5 exf5 17. Rb5 Be6 18. Rxb7 Na5 19. Rbb1 Rac8 20. Rc1 Rc7 21.
Nb3 Rfc8 22. Rc2 Nxb3 0-1

[Event "7. Arber-Open Bodenmais 2018"]
[Site "Bodenmais"]
[Date "2018.07.29"]
[Round "2.9"]
[White "Lorenc, Tomas"]
[Black "Huber, Florian"]
[Result "1-0"]
[WhiteElo "2208"]
[BlackElo "2007"]
[PlyCount "35"]
[EventDate "2018.??.??"]
[WhiteTeam "SC Waldsassen"]
[BlackTeam "SK Landau-Dingolfing"]

1. c4 Nf6 2. g3 c6 3. Bg2 d5 4. Nf3 Bf5 5. O-O e6 6. d3 Be7 7. Qb3 Qb6 8. Be3
Qc7 9. Nc3 dxc4 10. Qxc4 Nbd7 11. Nd4 Nb6 12. Qb3 O-O 13. Rac1 Qd8 14. a4 Bg4
15. a5 Nbd5 16. Qxb7 Rb8 17. Qxa7 Qd6 18. Nxc6 1-0

[Event "7. Arber-Open Bodenmais 2018"]
[Site "Bodenmais"]
[Date "2018.07.29"]
[Round "2.10"]
[White "Schultes, Christoph"]
[Black "Schelle, Artur"]
[Result "0-1"]
[WhiteElo "1976"]
[BlackElo "2206"]
[PlyCount "86"]
[EventDate "2018.??.??"]
[WhiteTeam "SK Landau-Dingolfing"]
[BlackTeam "SC Tarr M?nchen"]

1. d4 g6 2. e4 Bg7 3. c4 d6 4. Nc3 Nf6 5. f3 O-O 6. Be3 c5 7. d5 e6 8. Bd3 exd5
9. cxd5 a6 10. a4 Re8 11. Nge2 Nbd7 12. O-O Ne5 13. Ng3 Nxd3 14. Qxd3 Nd7 15.
f4 f5 16. Rfe1 Nf6 17. Bf2 fxe4 18. Ngxe4 Bf5 19. Nxf6+ Qxf6 20. Qd2 Qf7 21. h3
h5 22. Rad1 Rxe1+ 23. Rxe1 Re8 24. Re2 Kf8 25. Bh4 Rxe2 26. Qxe2 Qe8 27. Qd2 b5
28. axb5 axb5 29. Ne2 Qe4 30. Ng3 Qd4+ 31. Qxd4 Bxd4+ 32. Kf1 Bd3+ 33. Ke1 Bxb2
34. Kd2 c4 35. Ne2 b4 36. g4 hxg4 37. hxg4 Bxe2 38. Kxe2 b3 39. f5 gxf5 40.
gxf5 Be5 41. Kd1 c3 42. Bg5 c2+ 43. Kc1 Kf7 0-1

[Event "7. Arber-Open Bodenmais 2018"]
[Site "Bodenmais"]
[Date "2018.07.29"]
[Round "2.11"]
[White "Schroeder, Wilfried"]
[Black "Fehrmann, Gregor"]
[Result "1-0"]
[WhiteElo "2199"]
[BlackElo "1989"]
[PlyCount "65"]
[EventDate "2018.??.??"]
[WhiteTeam "SV Wattenscheid"]
[BlackTeam "SK Bruckm?hl"]

1. d4 Nf6 2. Nf3 g6 3. c4 d5 4. g3 c6 5. cxd5 cxd5 6. Bg2 Bg7 7. O-O Nc6 8. Nc3
O-O 9. Ne5 e6 10. Nxc6 bxc6 11. Bf4 Re8 12. Na4 Nd7 13. Rc1 Nb6 14. Nc5 Nd7 15.
Qd2 Nxc5 16. Rxc5 Qb6 17. Rfc1 Bd7 18. Bd6 e5 19. dxe5 Bxe5 20. Bxe5 Rxe5 21.
b3 Rae8 22. e3 f5 23. b4 g5 24. Qd4 f4 25. gxf4 gxf4 26. Qxf4 Qd8 27. e4 Rg5
28. R1c3 Rg4 29. Rg3 Rxg3 30. hxg3 dxe4 31. Bxe4 Qe7 32. Bxc6 Bxc6 33. Rg5+ 1-0

[Event "7. Arber-Open Bodenmais 2018"]
[Site "Bodenmais"]
[Date "2018.07.29"]
[Round "2.12"]
[White "Tong, Kevin"]
[Black "Beulertz, Stefan"]
[Result "1/2-1/2"]
[WhiteElo "2180"]
[BlackElo "1983"]
[PlyCount "75"]
[EventDate "2018.??.??"]
[WhiteTeam "SC Erlangen"]
[BlackTeam "SC Werl 1981"]

1. e4 e6 2. d4 d5 3. Nd2 Nc6 4. Ngf3 Nf6 5. e5 Nd7 6. c3 f6 7. exf6 Qxf6 8. Bb5
Bd6 9. O-O O-O 10. Nb3 a6 11. Be2 Nb6 12. Bg5 Qf7 13. Bh4 e5 14. dxe5 Nxe5 15.
Bg3 Nxf3+ 16. Bxf3 Bxg3 17. fxg3 c6 18. Nc5 Qe7 19. Qd4 Nd7 20. Nd3 Nf6 21.
Rae1 Qc7 22. g4 c5 23. Nxc5 Bxg4 24. Bxd5+ Kh8 25. h3 Rad8 26. c4 Bc8 27. b3
Bxh3 28. Re3 Bc8 29. Ref3 Qe7 30. Qf2 Rfe8 31. Nd3 b5 32. Re1 Qd6 33. Rxe8+
Rxe8 34. Re3 Rf8 35. Rf3 Re8 36. Re3 Rf8 37. Rf3 Re8 38. Re3 1/2-1/2

[Event "7. Arber-Open Bodenmais 2018"]
[Site "Bodenmais"]
[Date "2018.07.29"]
[Round "2.13"]
[White "Reuter, Roland"]
[Black "Hoffmann, Sebastian"]
[Result "0-1"]
[WhiteElo "1953"]
[BlackElo "2174"]
[PlyCount "64"]
[EventDate "2018.??.??"]
[WhiteTeam "SK Schwabach"]
[BlackTeam "SC NT N?rnberg"]

1. c4 c6 2. Nf3 Nf6 3. Nc3 d5 4. d4 dxc4 5. e3 b5 6. b3 b4 7. Na4 c3 8. Bc4 e6
9. O-O Nbd7 10. Qe2 Nb6 11. Nxb6 Qxb6 12. e4 Bb7 13. Bg5 Be7 14. Rad1 Rd8 15.
d5 cxd5 16. Bxf6 Bxf6 17. exd5 O-O 18. dxe6 fxe6 19. Bxe6+ Kh8 20. Rxd8 Rxd8
21. Bc4 Qd6 22. Re1 Bc6 23. h3 h6 24. Bf7 Qf4 25. Bg6 Rf8 26. Qe3 Qxe3 27. fxe3
Rd8 28. Kf2 Bb5 29. e4 Bd3 30. Bf7 Bxe4 31. Rxe4 c2 32. Rc4 Bc3 0-1

[Event "7. Arber-Open Bodenmais 2018"]
[Site "Bodenmais"]
[Date "2018.07.29"]
[Round "2.14"]
[White "Naumann, Thomas"]
[Black "Ilic, Andreas"]
[Result "1/2-1/2"]
[WhiteElo "1710"]
[BlackElo "1893"]
[PlyCount "100"]
[EventDate "2018.??.??"]
[WhiteTeam "ESV Lok D?beln"]
[BlackTeam "DBSB"]

1. d4 Nf6 2. c4 d6 3. Nc3 Nc6 4. h3 e5 5. d5 Nb8 6. Bg5 a5 7. e3 Na6 8. Ne4 Be7
9. Bxf6 gxf6 10. Bd3 f5 11. Ng3 e4 12. Bc2 Bf6 13. Rb1 Nc5 14. N1e2 Rg8 15. Nd4
Be5 16. Qh5 Qf6 17. O-O Bd7 18. b3 Rg5 19. Qh4 f4 20. exf4 Bxf4 21. Nde2 Bxg3
22. fxg3 Qg7 23. Bxe4 O-O-O 24. Bf3 Re8 25. Kh2 Rge5 26. Nf4 Re3 27. g4 f5 28.
g5 Qe7 29. Qf2 Qxg5 30. g3 Rc3 31. Rbe1 Re5 32. h4 Qe7 33. Kg2 Nd3 34. Nxd3
Rxd3 35. Rxe5 dxe5 36. Bd1 e4 37. Qa7 Kd8 38. Qxa5 Qe5 39. Qe1 e3 40. Kg1 e2
41. Qxe2 Qd4+ 42. Kh1 Rxg3 43. Rf2 Re3 44. Qf1 Qxh4+ 45. Kg1 Rg3+ 46. Rg2 Qd4+
47. Kh2 Qh4+ 48. Kg1 Qd4+ 49. Kh2 Qh4+ 50. Kg1 Qd4+ 1/2-1/2

[Event "7. Arber-Open Bodenmais 2018"]
[Site "Bodenmais"]
[Date "2018.07.29"]
[Round "2.15"]
[White "Hrdina, Karl"]
[Black "Bensch, Patrick"]
[Result "1/2-1/2"]
[WhiteElo "1957"]
[BlackElo "2197"]
[PlyCount "208"]
[EventDate "2018.??.??"]
[WhiteTeam "SV M?dling"]
[BlackTeam "SC Rottal-Inn"]

1. d4 Nf6 2. Nf3 g6 3. c4 Bg7 4. Nc3 d5 5. Bg5 Ne4 6. Bh4 Nxc3 7. bxc3 c5 8. e3
Nc6 9. cxd5 Qxd5 10. Be2 O-O 11. O-O cxd4 12. cxd4 Bf5 13. Qa4 a6 14. Rac1 b5
15. Qa3 Qd7 16. Rfd1 Rfe8 17. Bg3 e6 18. Nd2 Bf8 19. Qb2 Rac8 20. Bf3 Bd3 21.
Nb3 Bc4 22. Nc5 Qa7 23. Ne4 Be7 24. Bd6 Bd5 25. Bxe7 Qxe7 26. Rc5 Na5 27. Qa3
Nc4 28. Qc3 Bxe4 29. Rxc8 Rxc8 30. Bxe4 Qa3 31. Qxa3 Nxa3 32. g3 a5 33. d5 exd5
34. Bxd5 a4 35. e4 b4 36. h4 Kg7 37. Kg2 Rc2 38. g4 Nb5 39. Rb1 b3 40. axb3 a3
41. Ra1 a2 42. b4 Nc3 43. b5 Rb2 44. Bc4 Rb1 45. Rxa2 Nxa2 46. Bxa2 Rxb5 47.
Bd5 f5 48. gxf5 gxf5 49. Kg3 Kf6 50. Kf4 fxe4 51. Bxe4 Rb4 52. h5 h6 53. f3 Ra4
54. Kg3 Kg5 55. Bg6 Rf4 56. Be8 Rf6 57. Bg6 Rf8 58. Kg2 Kf4 59. Kf2 Rb8 60. Be4
Rb5 61. Bg6 Rb2+ 62. Kf1 Kxf3 63. Ke1 Re2+ 64. Kf1 Ra2 65. Ke1 Rh2 66. Bf7 Ke3
67. Kd1 Rb2 68. Bg6 Ra2 69. Bf7 Ra7 70. Bg6 Rc7 71. Be8 Re7 72. Bg6 Kf2 73. Kd2
Rd7+ 74. Kc3 Ke3 75. Kc4 Kf4 76. Kc3 Ke3 77. Kc4 Rd8 78. Kc5 Rd4 79. Kc6 Kf4
80. Kc5 Ke5 81. Bf7 Rd7 82. Bg6 Rc7+ 83. Kb4 Kd4 84. Kb3 Rc6 85. Kb2 Rc3 86.
Bf5 Rc5 87. Bg6 Ke5 88. Kb3 Kd4 89. Kb4 Rc3 90. Bf5 Rc7 91. Bg6 Rc1 92. Kb3 Ke3
93. Kb4 Kf4 94. Kb5 Kg5 95. Kb4 Rh1 96. Kc3 Rxh5 97. Bxh5 Kxh5 98. Kd2 Kg4 99.
Ke2 Kg3 100. Kf1 h5 101. Kg1 h4 102. Kh1 h3 103. Kg1 h2+ 104. Kh1 Kh3 1/2-1/2

[Event "7. Arber-Open Bodenmais 2018"]
[Site "Bodenmais"]
[Date "2018.07.29"]
[Round "2.16"]
[White "Puschendorf, Steffen"]
[Black "Strangmueller, Andreas"]
[Result "1/2-1/2"]
[WhiteElo "2153"]
[BlackElo "1980"]
[PlyCount "107"]
[EventDate "2018.??.??"]
[WhiteTeam "ESV Gera"]
[BlackTeam "SK Landshut"]

1. d4 d5 2. c4 c6 3. Nf3 Nf6 4. g3 Bf5 5. Nc3 e6 6. Nh4 Bg4 7. Qb3 Qb6 8. h3
Bh5 9. c5 Qxb3 10. axb3 Nbd7 11. g4 Bg6 12. Nxg6 hxg6 13. g5 Nh5 14. b4 e5 15.
e3 Be7 16. h4 f6 17. Rg1 O-O 18. Bh3 f5 19. b5 Rfe8 20. Kd1 a6 21. bxc6 bxc6
22. Bd2 Bd8 23. Kc2 Bc7 24. Rgb1 exd4 25. exd4 Nf8 26. Ra4 a5 27. Bf1 Ne6 28.
Rba1 Rab8 29. Ne2 f4 30. R1a3 Rf8 31. Bh3 Rbe8 32. Ng1 f3 33. Rxf3 Rxf3 34.
Bxe6+ Rxe6 35. Nxf3 Re2 36. Ne5 Rxf2 37. b4 axb4 38. Rxb4 Ba5 39. Rb8+ Kh7 40.
Nf7 Rxf7 41. Bxa5 Rf4 42. Bc3 Ng3 43. Rc8 Ne4 44. Be1 Nxg5 45. hxg5 Rf2+ 46.
Kb3 Rb2+ 47. Ka4 Ra2+ 48. Kb4 Ra4+ 49. Kb3 Ra3+ 50. Kb4 Ra4+ 51. Kc3 Ra3+ 52.
Kd2 Ra2+ 53. Ke3 Re2+ 54. Kf3 1/2-1/2

[Event "7. Arber-Open Bodenmais 2018"]
[Site "Bodenmais"]
[Date "2018.07.29"]
[Round "2.17"]
[White "Brock, Ditmar"]
[Black "Jergler, Karl-Heinz"]
[Result "1/2-1/2"]
[WhiteElo "1933"]
[BlackElo "2152"]
[PlyCount "41"]
[EventDate "2018.??.??"]
[WhiteTeam "SC Bad K?tzting"]
[BlackTeam "SC Rottal-Inn"]

1. Nf3 Nf6 2. d4 g6 3. g3 Bg7 4. Bg2 O-O 5. c4 d5 6. cxd5 Nxd5 7. O-O Nc6 8.
Nc3 Nxc3 9. bxc3 Na5 10. Qa4 c5 11. Ne5 cxd4 12. cxd4 f6 13. Bd2 fxe5 14. Bxa5
Qxd4 15. Qxd4 exd4 16. Rac1 Bg4 17. f3 Be6 18. Rc7 b6 19. Bb4 Be5 20. Rxe7 Rfe8
21. Rxe6 1/2-1/2

[Event "7. Arber-Open Bodenmais 2018"]
[Site "Bodenmais"]
[Date "2018.07.29"]
[Round "2.18"]
[White "Schmahl, Stephan"]
[Black "Schleich, Theodor"]
[Result "1/2-1/2"]
[WhiteElo "2148"]
[BlackElo "1961"]
[PlyCount "109"]
[EventDate "2018.??.??"]
[WhiteTeam "SC Bavaria Regensburg von 1881"]
[BlackTeam "M?nchener SC"]

1. d4 e6 2. c4 b6 3. Nf3 Bb7 4. e3 Nf6 5. Bd3 d5 6. O-O Bd6 7. cxd5 exd5 8. b3
O-O 9. Bb2 Nbd7 10. Nbd2 Re8 11. Rc1 Rc8 12. Qe2 c5 13. Bb5 a6 14. dxc5 Bxh2+
15. Nxh2 axb5 16. Bxf6 Qxf6 17. cxb6 Qxb6 18. Rxc8 Rxc8 19. Ndf3 Nf6 20. Nd4 b4
21. Qf3 Ne4 22. Qg4 Qg6 23. Qd7 Ba6 24. Nhf3 Qd6 25. Qxd6 Nxd6 26. Rd1 Kf8 27.
Ne5 Ne4 28. Nec6 Nc3 29. Rd2 Ne2+ 30. Nxe2 Rxc6 31. Nf4 Rc1+ 32. Kh2 Bb7 33.
Nxd5 Bxd5 34. Rxd5 Rc2 35. Kg3 Rxa2 36. Rb5 h5 37. Rxb4 g5 38. f3 Kg7 39. e4 g4
40. fxg4 hxg4 41. e5 Re2 42. Rxg4+ Kf8 43. Kf4 Ke7 44. Kf3 Rb2 45. Rb4 Ke6 46.
Rb5 Rb1 47. b4 Rf1+ 48. Ke4 Re1+ 49. Kd4 Rd1+ 50. Kc3 Rc1+ 51. Kb2 Rg1 52. Rc5
Rxg2+ 53. Kb3 Re2 54. b5 Rxe5 55. Rxe5+ 1/2-1/2

[Event "7. Arber-Open Bodenmais 2018"]
[Site "Bodenmais"]
[Date "2018.07.29"]
[Round "2.19"]
[White "Grabmeier, Johannes"]
[Black "Meertens, Martin"]
[Result "0-1"]
[WhiteElo "1906"]
[BlackElo "2146"]
[PlyCount "76"]
[EventDate "2018.??.??"]
[WhiteTeam "SV Deggendorf"]
[BlackTeam "Klub K?lner SF"]

1. b3 e5 2. Bb2 Nc6 3. e3 Nf6 4. Bb5 Bd6 5. Ne2 a6 6. Bxc6 dxc6 7. d4 e4 8. c4
O-O 9. Nbc3 Re8 10. Qc2 c5 11. O-O-O Qe7 12. dxc5 Bxc5 13. Nd5 Nxd5 14. Rxd5
Ba3 15. Kb1 Bxb2 16. Qxb2 c6 17. Rd4 c5 18. Rd5 Be6 19. Rd2 b5 20. cxb5 axb5
21. Nf4 c4 22. Nxe6 Qxe6 23. Rhd1 Rac8 24. bxc4 bxc4 25. Qc3 h6 26. h4 Rb8+ 27.
Ka1 Rec8 28. g3 Ra8 29. Rc2 Qe7 30. Rdc1 Ra4 31. Qe1 Rca8 32. Rb2 Rd8 33. Rcb1
Qe5 34. Rc1 Rd3 35. Kb1 Qd5 36. Rb4 c3 37. Rb3 c2+ 38. Kb2 Rxa2+ 0-1

[Event "7. Arber-Open Bodenmais 2018"]
[Site "Bodenmais"]
[Date "2018.07.29"]
[Round "2.20"]
[White "Herbold, Manfred"]
[Black "Wacker, Felix"]
[Result "1/2-1/2"]
[WhiteElo "2144"]
[BlackElo "1956"]
[PlyCount "59"]
[EventDate "2018.??.??"]
[WhiteTeam "SC Niedermohr-H?tschenhausen"]
[BlackTeam "SC Lambsheim"]

1. e4 c6 2. d4 d5 3. exd5 cxd5 4. c4 Nf6 5. Nc3 Nc6 6. Nf3 Bg4 7. cxd5 Nxd5 8.
Be2 e6 9. O-O Nxc3 10. bxc3 Bd6 11. Be3 O-O 12. h3 Bh5 13. Rb1 Qc7 14. Rb5 Bg6
15. Nh4 a6 16. Nxg6 hxg6 17. Rg5 Ne7 18. Qd3 Rac8 19. c4 Rfd8 20. Rb1 Nf5 21.
Rg4 Rd7 22. Qb3 Be7 23. c5 Bf6 24. Qc4 e5 25. dxe5 Nxe3 26. fxe3 Qxe5 27. Re4
Qd5 28. Bf3 Qxc4 29. Rxc4 Rcc7 30. Kf1 1/2-1/2

[Event "7. Arber-Open Bodenmais 2018"]
[Site "Bodenmais"]
[Date "2018.07.29"]
[Round "2.21"]
[White "Wolff, Peter"]
[Black "Zepke, Armin"]
[Result "1/2-1/2"]
[WhiteElo "1894"]
[BlackElo "2130"]
[PlyCount "60"]
[EventDate "2018.??.??"]
[WhiteTeam "VSG Offenbach"]
[BlackTeam "SC Bayerwald"]

1. c4 c6 2. g3 d5 3. Nf3 Nf6 4. Bg2 Bf5 5. Qb3 Qb6 6. d3 e6 7. Be3 dxc4 8. Bxb6
cxb3 9. axb3 Na6 10. Bd4 Bb4+ 11. Bc3 Bc5 12. Ra4 Nc7 13. O-O O-O 14. Nh4 Bg6
15. Nxg6 hxg6 16. Rc4 Be7 17. Bb4 Bxb4 18. Rxb4 Nb5 19. Nc3 a6 20. Ra1 Nd5 21.
Nxd5 exd5 22. e3 f5 23. h4 Kf7 24. Re1 Rad8 25. Ra4 Rfe8 26. d4 Kf6 27. f4 Re7
28. Kf2 Rde8 29. Raa1 Re6 30. b4 Nd6 1/2-1/2

[Event "7. Arber-Open Bodenmais 2018"]
[Site "Bodenmais"]
[Date "2018.07.29"]
[Round "2.22"]
[White "Kugelmann, Werner"]
[Black "Legemaat, Gerrit"]
[Result "1/2-1/2"]
[WhiteElo "2119"]
[BlackElo "1946"]
[PlyCount "108"]
[EventDate "2018.??.??"]
[WhiteTeam "TSV Wertingen"]
[BlackTeam "SV Doorn Driebergen"]

1. e4 c5 2. Nf3 Nc6 3. Nc3 e6 4. d4 cxd4 5. Nxd4 Qb6 6. Nb3 Nf6 7. Be3 Qc7 8.
a3 a6 9. f4 d6 10. Qf3 Rb8 11. Be2 h5 12. h3 b5 13. Qf2 Be7 14. g3 Bd8 15. Bf3
Bb7 16. O-O Nd7 17. Rad1 Be7 18. Bg2 Na5 19. Nxa5 Qxa5 20. Bd4 O-O 21. Bf3 b4
22. axb4 Qxb4 23. Na2 Qa5 24. Nc1 Nc5 25. Qe2 h4 26. g4 Bc6 27. Rfe1 Rfd8 28.
Nd3 Nxd3 29. cxd3 e5 30. Be3 Qb5 31. Rb1 Qb3 32. Qd2 exf4 33. Bxf4 Bf6 34. Be3
Bb5 35. d4 Bd3 36. Rbc1 Rdc8 37. Rc3 Rxc3 38. bxc3 Bc4 39. Bf4 Be7 40. e5 Qb6
41. Qf2 dxe5 42. Bxe5 Re8 43. Be4 Bg5 44. Qf5 Qh6 45. Rb1 Be6 46. Qf3 Bc4 47.
Bc6 Rd8 48. d5 Be7 49. Bd4 Bd6 50. Be3 Qg6 51. Rb7 Rb8 52. Rxb8+ Bxb8 53. Qf5
Qd6 54. Qc8+ Kh7 1/2-1/2